Juan de la Roca (Record no. 189106)

MARC details
000 -LEADER
campo de control de longitud fija 00758nam a2200193 i 4500
001 - NÚMERO DE CONTROL
campo de control 189106
003 - IDENTIFICADOR DE NÚMERO DE CONTROL
campo de control SpMaBN
005 - FECHA Y HORA DE LA ÚLTIMA TRANSACCIÓN
campo de control 20230906223359.0
008 - DATOS DE LONGITUD FIJA--INFORMACIÓN GENERAL
campo de control de longitud fija 190329s1921 sp |||| | spa d
100 1# - ENTRADA PRINCIPAL--NOMBRE DE PERSONA
Nombre de persona Sand, George,
Fechas asociadas al nombre 1804-1876
9 (RLIN) 103060
245 10 - MENCIÓN DEL TÍTULO
Título Juan de la Roca
Resto del título : novela /
Mención de responsabilidad, etc. George Sand [seud.] ; la traducción del francés ha sido hecha por Gabriel León Trilla.
260 ## - PUBLICACIÓN, DISTRIBUCIÓN, ETC.
Lugar de publicación, distribución, etc. Madrid :
Nombre del editor, distribuidor, etc. Calpe,
Fecha de publicación, distribución, etc. 1921 (
Fabricante Tipográfica Renovación)
300 ## - DESCRIPCIÓN FÍSICA
Extensión 294 p. ;
Dimensiones 15 cm.
490 1# - MENCIÓN DE SERIE
Mención de serie Colección universal ;
Designación de volumen o secuencia 407-409
700 1# - ENTRADA AGREGADA--NOMBRE PERSONAL
Nombre de persona León Trilla, Gabriel.
9 (RLIN) 71648
830 0# - PUNTO DE ACCESO ADICIONAL DE SERIE-TÍTULO UNIFORME
Título uniforme Colección universal ;
Designación de volumen o secuencia 407-409
9 (RLIN) 181688
852 ## - LOCALIZACIÓN
Ubicación ES-MaACL
Número de control de estantería L-32275
Nota libre . - Donat. herederos de la bibl. de Mª del Pilar Costa Palacín
Holdings
Estatus retirado Estado de pérdida Estado de daño No para préstamo Biblioteca de origen Biblioteca actual Ubicación en estantería Fecha de adquisición Fuente de adquisición Total de préstamos Signatura topográfica completa Código de barras Visto por última vez Precio de reemplazo Tipo de ítem Koha
        Biblioteca del Ateneo de Madrid Biblioteca del Ateneo de Madrid Depósito 2 29/03/2019     L-32275 1200281 23/02/2023 23/02/2023 Libro impreso